2º memorandum presentado por la Compañía de los Ferrocarriles Salitreros a la Honorable Comisión nombrada por s. E. el Presidente de la República para informar sobre las solicitudes referentes a construcción de líneas férreas en Tarapacá

-д хадгалсан:
Номзүйн дэлгэрэнгүй
Үндсэн зохиолч: Zegers, Julio (Зохиогч)
Байгууллагын зохиогч: Compañía de los Ferrocarriles Salitreros (Зохиогч)
Формат: Ном
Хэл сонгох:испани
Хэвлэсэн: Santiago Imprenta de La República, de J. Núñez 1883
Хэвлэл:1a. ed
Нөхцлүүд:
Шошгууд: Шошго нэмэх
Шошго байхгүй, Энэхүү баримтыг шошголох эхний хүн болох!

MARC

LEADER 00000nam a2200000 a 4500
001 UCJ5996
003 CL-VaPUC
008 070124e18830715CL |||||||||||||||||spa|d
082 0 4 |a 918.3  |b ZEG  |2 21 
100 0 |a Zegers, Julio  |e author  |9 358504 
110 2 |a Compañía de los Ferrocarriles Salitreros  |e author  |9 512084 
245 1 0 |a 2º memorandum presentado por la Compañía de los Ferrocarriles Salitreros a la Honorable Comisión nombrada por s. E. el Presidente de la República para informar sobre las solicitudes referentes a construcción de líneas férreas en Tarapacá 
250 |a 1a. ed 
300 |a 73 p 
942 |c BK 
945 |d 20070124 00:00:00  |a rinostro 
260 |a Santiago  |b Imprenta de La República, de J. Núñez  |c 1883 
500 |a Empastado junto a otros Memoranda sobre el mismo tema en un volumen rotulado Zegers, Memorandum; ubicación, 918.3 ZEG 
600 0 |a Huneeus Zegers, Jorge (1835-1889)  |9 670102 
650 7 |a SALITRERAS  |2 CL-VaPUC  |9 375452 
650 0 |a Ferrocarriles  |9 260933 
650 7 |a DOCUMENTOS  |2 CL-VaPUC  |9 366450 
650 7 |a LEGISLACION  |2 CL-VaPUC  |9 512085 
650 0 |a Derecho constitucional   |9 222588 
650 0 |a Juicios civiles  |9 506779 
650 0 |a Historia de Chile  |9 265473 
583 |a last modification  |c 20170807 12:19:15  |k Rodrigo Vera 
999 |c 322104  |d 322102 
952 |0 0  |1 0  |4 0  |6 918_300000000000000_ZEG_1883  |7 0  |8 X  |9 401020  |a FDOBUD  |b FDOBUD  |d 2019-11-22  |i 1042432  |o 918.3 ZEG 1883  |p 1042432  |r 2019-11-22  |w 2019-11-22  |y BK_X  |k BUD